झाशीची रणचंडी (Record no. 208181)

MARC details
000 -LEADER
fixed length control field 00561nam a2200181Ia 4500
008 - FIXED-LENGTH DATA ELEMENTS--GENERAL INFORMATION
fixed length control field 090201s9999 xx 000 0 und d
010 ## - LIBRARY OF CONGRESS CONTROL NUMBER
LC control number KPL-57973
040 ## - CATALOGING SOURCE
Language of cataloging मराठी
041 ## - LANGUAGE CODE
Language code of text/sound track or separate title मराठी
082 ## - DEWEY DECIMAL CLASSIFICATION NUMBER
Classification number 7453
Item number 57973
100 ## - MAIN ENTRY--PERSONAL NAME
Personal name पोपटराव भसे
245 ## - TITLE STATEMENT
Title झाशीची रणचंडी
Statement of responsibility, etc पोपटराव भसे
260 ## - PUBLICATION, DISTRIBUTION, ETC. (IMPRINT)
Date of publication, distribution, etc 2004
Name of publisher, distributor, etc शांती पब्लिकेशन्स
300 ## - PHYSICAL DESCRIPTION
Extent 512
300 ## - PHYSICAL DESCRIPTION
Other physical details मोठा
600 ## - SUBJECT ADDED ENTRY--PERSONAL NAME
Personal name झाशीची रणचंडी
942 ## - ADDED ENTRY ELEMENTS (KOHA)
Koha item type Book
Holdings
Withdrawn status Lost status Damaged status Not for loan Home library Current library Date acquired Cost, normal purchase price Total Checkouts Barcode Date last seen Copy number Cost, replacement price Price effective from Koha item type
        Sarvajanik Wachanalaya, Kalyan Sarvajanik Wachanalaya, Kalyan   300.00   KPL-57973 02/01/2009 1 300.00 02/01/2009 Book